000 00428nam a2200181Ia 4500
001 21352
005 20260306172913.0
008 260306t2023||||xx |||||||||||||| ||spa||
041 _aESP
082 _a344.528
_bP26 2023
100 _aPariona Arana, Raúl,
_eAUT
245 0 _aEl delito de colusión
260 _c2023
300 _a447 páginas :
_c25 cm.
650 _aGEN
654 _aCDE
942 _cLIB
_dJUS
_fJUS
_2ddc
_n
999 _c21352
_d21352